000 00624nam a2200205Ia 4500
003 GCL
008 140319s9999 xx 000 0 ara d
040 _aGCL /
_cGCL
082 0 4 _a301.29
_bا ت
100 1 _aادوارد سعيد
245 1 0 _aتعقيبات على الاستشراق /
_cادوارد سعيد
700 1 _aصبحى حديدى
300 _a160 ص
490 _aالهيئة العامة للاستعلامات
_v0
650 0 4 _aالثقافة الاسلامية
650 0 4 _aالاستشراق
650 0 4 _aالمستشرقون
650 0 4 _aالثقافة الاوربية
942 _2ddc
_cBK
999 _c50557
_d50557